30 rokov premien slovenského trhu práce

Bibliographic Details
Main Author: Lichner, Ivan, 1982- (Author)
Format: Book
Language:Slovak
PhysicalDescription:66 strán grafy, tabuľky 25 cm
Published: Bratislava Ekonomický ústav Slovenskej akadémie vied, v.v.i. 2022
ISBN:9788071443322
Subjects:

MARC

LEADER 00000cam a2200000 4500
001 vtls012159993
003 SK-MaSNL
005 20260426003932.0
008 230202s2022 xo dl grn 000 0 slo
015 |a SNBA2023/08 
020 |a 9788071443322  |q (brožované) 
040 |a SNK  |b slo  |c SNK  |e rda 
041 0 |a slo 
043 |a e-xo--- 
044 |a xo  |c SK 
072 7 |a 331  |x Práca  |2 konspekt 
080 |a 331.5  |2 2011 
080 |a 331.526  |2 2011 
080 |a 331.2  |2 2011 
080 |a 331.556  |2 2011 
080 |a (437.6)  |2 2011 
080 |a (048.8)  |2 2011 
100 1 |a Lichner, Ivan,  |d 1982-  |4 aut  |9 233236 
245 1 0 |a 30 rokov premien slovenského trhu práce  |c Ivan Lichner 
246 3 0 |a Tridsať rokov premien slovenského trhu práce 
264 1 |a Bratislava  |b Ekonomický ústav Slovenskej akadémie vied, v.v.i.  |c 2022 
300 |a 66 strán  |b grafy, tabuľky  |c 25 cm 
336 |a text  |b txt  |2 rdacontent 
337 |a bez média  |b n  |2 rdamedia 
338 |a zväzok  |b nc  |2 rdacarrier 
500 |a Obsahuje poznámky 
504 |a Bibliografia na strane 60-65. Bibliografické odkazy 
650 0 7 |a trh práce  |2 SNKPH  |9 2371 
650 0 7 |a zamestnanosť  |2 SNKPH  |9 2209 
650 0 7 |a mzdy  |2 SNKPH  |9 2316 
650 0 7 |a Labour market  |2 SNKPHeng  |9 270171 
650 0 7 |a Employment  |2 SNKPHeng  |9 270169 
650 0 7 |a Wages  |2 SNKPHeng  |9 266964 
650 0 7 |a Labor migration  |2 SNKPHeng  |9 329396 
650 0 7 |a pracovná migrácia  |2 SNKPH  |9 2340 
651 7 |a Slovensko  |2 SNKPHgeo  |9 14231 
651 7 |a Slovakia  |2 SNKPHeng  |9 92630 
655 7 |a monografie  |2 SNKPH  |9 70139 
655 7 |a Monographs  |2 SNKPHeng  |9 120675 
710 2 |a Slovenská akadémia vied.  |b Ekonomický ústav  |4 pbl  |9 124063 
852 |a Slovenská národná knižnica 
919 |a 978-80-7144-332-2 
954 |a odborná, vedecká literatúra pôvodná (slovenská)  |2 lita 
958 |a NB 
999 |c 959273  |d 961203 
952 |a SNK  |b SNK  |y PREZ  |7 0  |p 17A1528109  |o snkSC 201741  |i snk2023/6116  |8 0  |0 0  |1 0  |4 0  |d 2023-04-17  |l 0  |r 2025-10-24 00:00:00  |w 2026-02-24 
952 |a SNK  |b SNK  |y VYP  |7 0  |p 17A1528108  |o snkSC 201741 D1  |i snk2023/6117  |8 0  |0 0  |1 0  |4 0  |d 2023-04-17  |l 1  |r 2026-05-22 13:08:48  |s 2026-04-27  |w 2026-02-24